000 00727nam a2200205Ii 4500
003 JO-AjNU
008 230605s9999||||xx |||||||||||||| ||und||
017 _a1993/4/403
040 _aJO-AjNU
_bara
_erda
_cJO-AjNU
041 _aara
050 1 4 _aQA76.73.B3.M3664 1993
100 3 _aمنصور، عوض,
_eauthor
_945518
245 0 0 _aالتحليل الاحصائي المبرمج بلغة بيسك
264 3 1 _aمكة المكرمة :مؤسسة البشير ، 1993
300 _a216ص
336 _atext
_btxt
_2rdacontent
337 _aunmediated
_bn
_2rdamedia
338 _avolume
_bnc
_2rdacarrier
650 4 _aبيسك - لغة البرمجة -الاحصاء الرياضي -معالجة البيانات
_945519
999 _aA19738
_c23306
_d23306